000 004860000a22002050004500
005 20120302055402.0
942 _cBOOK
100 _a Vartak,Padmakar Vishnu
245 _a Upnishadaanche vidnyaannishtha Nirupan
260 _aPune:Shobhanaa Padmaakar Vartak,1981.
300 _a16,277p.
040 _aS.M
365 _b30/-
650 _aTatvadnyan
650 _aUpnishade
650 _aManduk
650 _aMaandukya
650 _aTaiteriya
650 _aAitareya-Upnishada
999 _c348264
_d348261